| 000 | 00873nam a2200205Ia 4500 | ||
|---|---|---|---|
| 999 |
_c39598 _d39598 |
||
| 001 | 6198 | ||
| 003 | GE_BSU | ||
| 005 | 20190506111450.0 | ||
| 008 | 181216s1970||||ge |||||||||||||| ||geo|| | ||
| 040 | _cGE_BSU | ||
| 041 | _ageo | ||
| 080 | _a697(075.8) დ.23 | ||
| 100 |
_aდარჩია, გ. _9667 |
||
| 245 |
_aგათბობა და ვენტილაცია ნაწ.II ვენტილაცია : _bსახელმძღვ. / _cგ. დარჩია ; რედ. ზ.ჯიბლაძე. |
||
| 264 |
_aთბილისი : _bგანათლება, _c1970. |
||
| 300 |
_a373 გვ. : _bილ. , დანართები გვ.345-369. ; _c 27 სმ. |
||
| 653 | _aგათბობა და ვენტილაცია | ||
| 700 |
_aჯიბლაძე, ზ. _eრედაქტორი _9739 |
||
| 942 |
_cBK _2udc |
||